Hambre y desigualdad en los países andinos. La desnutrición y la vulnerabilidad alimentaria en Bolivia, Colombia, Ecuador y Perú /

El presente documento trata sobre el problema del hambre y la extrema pobreza en los países andinos, en particular Bolivia, Colombia, Ecuador y Perú, con el objeto de contar con una mirada analítica del fenómeno en estos países en el contexto latinoamericano. Este estudio incluye una descripción y u...

Ful tanımlama

Kaydedildi:
Detaylı Bibliyografya
Yazar: Martínez, Rodrigo
Materyal Türü: Metin
Seri Bilgileri:SERIE POLITICAS SOCIALES/CEPAL
Konular:
Etiketler: Etiketle
Etiket eklenmemiş, İlk siz ekleyin!

MARC

LEADER 00000 a a2200000 04500
001 48045
003
040
090 |a REV1291 (112) 2005  
100 |a Martínez, Rodrigo  
245 |a Hambre y desigualdad en los países andinos. La desnutrición y la vulnerabilidad alimentaria en Bolivia, Colombia, Ecuador y Perú /  |c Rodrigo Martínez  
440 |a SERIE POLITICAS SOCIALES/CEPAL  
520 |a El presente documento trata sobre el problema del hambre y la extrema pobreza en los países andinos, en particular Bolivia, Colombia, Ecuador y Perú, con el objeto de contar con una mirada analítica del fenómeno en estos países en el contexto latinoamericano. Este estudio incluye una descripción y un análisis de los factores centrales de la desnutrición, junto con una evaluación preliminar sobre los avances alcanzados por los países en la consecución de las metas del milenio relativas al hambre y la pobreza.  
650 |a HAMBRE  
650 |a DESIGUALDAD SOCIAL  
650 |a MALNUTRICION  
650 |a GRUPOS VULNERABLES  
650 |a BOLIVIA  
650 |a COLOMBIA  
650 |a ECUADOR  
650 |a PERU  
773 |g número112, (2005), página95  
999 |c 23118  |d 23118